000
00282nam a2200097Ia 4500
008
240331s9999 xx 000 0 und d
082
_b
ANN
100
_a
Kumaraswamy,R. ed
245
3
_a
An annotated bibliography on violence against women in South Asia actions and responses
942
_c
L
999
_c
2907
_d
2907